000 00384nam a2200157Ia 4500
003 Ost
005 20260225132549.0
008 260225s9999||||xx |||||||||||||| ||und||
040 _cfsic
041 _afre
082 _a440
100 _aRobert lacour-gayet
_eAuteur
245 0 _aL'amérique contemporaire de rennedy à reagan /
245 0 _cRobert lacour-gayet
942 _cكتاب
999 _c33999
_d33999